Fc Barcelona 20/21 kadra - Statystyki

Ogólne statystyki
  • Ten quiz został rozwiązany 705 razy
  • Średni wynik to 17 z 23
Statystyki odpowiedzi
Pozycja Nazwisko % Poprawnych
Bramkarz Ter Stegen
99%
Obrońca Pique
95%
Napastnik Messi
93%
Obrońca Alba
90%
Pomocnik Busquets
85%
Pomocnik De Jong
84%
Bramkarz Neto
83%
Pomocnik Pedri
82%
Napastnik Dembele
81%
Obrońca Lenglet
80%
Obrońca Umtiti
79%
Napastnik Griezmann
75%
Napastnik Fati
73%
Obrońca Roberto
73%
Obrońca Dest
68%
Obrońca Araujo
67%
Pomocnik Coutinho
60%
Bramkarz Pena
59%
Napastnik Braithwaite
52%
Pomocnik Pjanic
51%
Obrońca Firpo
45%
Pomocnik Puig
45%
Napastnik Trincao
35%
Nie znaleziono quizów pasujących do podanych kryteriów
Rozkład punktacji
Procent ludzi z każdym wynikiem
Percentyl według liczby udzielonych odpowiedzi
Twoja historia wyników
Nie rozwiązałeś tego quizu